000 00684nam a2200265 a 4500
003 AR-BaBNM
005 20251128205503.0
008 082120s2002 ||||||||||||||000 | spa||
020 _a84-7884-090-7
040 _cAR-BaBNM
245 0 0 _aRelatos de amor y muerte
260 _aMadrid
_bEditorial Popular
_bUnesco
_c1993
300 _a95 p.
_bil.
490 0 _aLetra grande
_vv. 39
650 4 _aCUENTOS
650 4 _aANTOLOGIAS
650 4 _aHISTORIAS DE AMOR
650 4 _aESCRITORES
653 _aLITERATURA FANTASTICA
655 _aLITERATURA
700 1 _aIglesias, Mercedes
_ecompilador
800 1 _aAlbarrán, Antonio
_edirector
942 _cBK
998 _cMARTIN
999 _c11593
_d11593